Sports Quiz

Random Sports Quiz

Match Attax 2014 Quiz Stats

 Plays Quiz not verified by Sporcle

Challenge
Share
Tweet
Embed
Score 0/58 Timer 10:00
0 Plays Today
Top rated 2014 % Correct
Man UnitedWayne Rooney
73.1%
Man CitySergio Aguero
65.4%
Man CityYaya Toure
57.7%
Aston VillaChristian Benteke
57.7%
ChelseaEden Hazard
53.8%
LiverpoolSteven Gerrard
53.8%
Man CityJoe Hart
50%
Arsenal Mesut Ozil
46.2%
ChelseaJohn Terry
42.3%
LiverpoolLuis Suarez
42.3%
Man UnitedRobin Van Persie
42.3%
ChelseaPetr Cech
38.5%
Man CityVincent Kompany
38.5%
ChelseaFrank Lampard
38.5%
TottenhamRoberto Soldado
38.5%
Man CityDavid Silva
34.6%
ArsenalLaurent Koscielny
30.8%
SwanseaWilfried Bony
30.8%
Man UnitedDavid De gea
26.9%
TottenhamHugo Lloris
26.9%
ChelseaGary Cahill
26.9%
ChesleaBranislav Ivanovic
26.9%
Man UnitedRio Ferdinand
26.9%
Man UnitedNemanja Vidic
26.9%
ArsenalSanti Cazorla
26.9%
EvertonLeighton Baines
23.1%
SwanseaMichu
23.1%
TottenhamErik Lamela
23.1%
LiverpoolDaniel Sturridge
23.1%
Top rated 2014 % Correct
ChelseaAshley Cole
19.2%
LiverpoolGlen Johnson
19.2%
Man CityPablo Zabaleta
19.2%
TottenhamJan Vertonghen
19.2%
ArsenalTheo Walcott
19.2%
ChelseaSamuel Eto'o
19.2%
EvertonRomelu Lukaku
19.2%
Aston VillaBradley Guzan
15.4%
Stoke CityAsmir Begovic
15.4%
ChelseaDavid Luiz
15.4%
EvertonPhil Jagielka
15.4%
Man UnitedPatrice Evra
15.4%
ArsenalJack Wilshere
15.4%
Man CityJesus Navas
15.4%
FulhamDimitar Berbatov
15.4%
Man CityStevan Jovetic
15.4%
Man CityAlvaro Negredo
15.4%
Man UnitedJavier Hernandez
15.4%
Man UnitedChris Smalling
11.5%
Man UnitedMarouane Fellaini
11.5%
Newcastle Loic Remy
11.5%
Man CityAleksandar Kolarov
7.7%
Man UnitedAntonio Valencia
7.7%
TottenhamSandro
7.7%
TottenhamMoussa Dembele
7.7%
Man UnitedDanny Welbeck
7.7%
TottenhamJermaine Defoe
7.7%
TottenhamEmmanuel Adebayor
7.7%
ChelseaAndre Schurrle
3.8%

You're not logged in!

Compare scores with friends on all Sporcle quizzes.
OR
Log In

You Might Also Like...

Show Comments

Extras

Created Apr 10, 2014ReportNominate
Tags:2014, attax, rated

Top Quizzes Today


Score Distribution

Your Account Isn't Verified!

In order to create a playlist on Sporcle, you need to verify the email address you used during registration. Go to your Sporcle Settings to finish the process.

Report this User

Report this user for behavior that violates our Community Guidelines.

Details: